Hành trình về thời đại Hùng Vương dựng nước

Dựa vào truyền thuyết, di tích khảo cổ và chứng tích của nền văn hoá ĐônG Sơn. tác giả đã dựng lên thời đại Hùng Vương dựng nước cách đây khoảng 4000 năm với phong tục, tín ngưỡng, tư duy chiến công và cuộc sống của người Việt cổ...

全面介绍

Đã lưu trong:
书目详细资料
主要作者: Lê Văn Hảo
格式: 图书
语言:Vietnamese
出版: H. Thanh niên 1982
主题:
标签: 添加标签
没有标签, 成为第一个标记此记录!
Thư viện lưu trữ: Mạng thư viện Đại học Đà Nẵng
LEADER 01483nam a22003858a 4500
001 000006762
003 2922
005 20110921080954.0
008 110921s1982 b 000 0 vieod
020 |c 6.40đ  |d 10150b 
041 0 |a vie 
082 |a 959.701  |b LÊ-H 
084 |a P  |b H107T 
100 1 |a Lê Văn Hảo 
245 1 0 |a Hành trình về thời đại Hùng Vương dựng nước  |c Lê Văn Hảo 
260 |a H.  |b Thanh niên  |c 1982 
300 |a 204tr  |c 19cm 
520 |a Dựa vào truyền thuyết, di tích khảo cổ và chứng tích của nền văn hoá ĐônG Sơn. tác giả đã dựng lên thời đại Hùng Vương dựng nước cách đây khoảng 4000 năm với phong tục, tín ngưỡng, tư duy chiến công và cuộc sống của người Việt cổ 
653 |a sự kiện lịch sử 
653 |a Hùng Vương 
653 |a Việt Nam 
653 |a thời đại 
653 |a thời kỳ cổ đại 
653 |a Lịch sử 
910 |a Minh  |d 21/9/2011 
OWN |a LSP 
AVA |a UDN50  |b LSP  |d 959.701 LÊ-H  |e unavailable  |t Error 5002 Not defined in file expand_doc_bib_avail.  |f 1  |g 1  |h N  |i 0  |k 1 
999 |a From the UDN01 
AVA |a UDN50  |b LSP  |d 959.701 LÊ-H  |e unavailable  |t Error 5002 Not defined in file expand_doc_bib_avail.  |f 1  |g 1  |h N  |i 0  |k 1 
TYP |a Monograph 
TYP |a Printed language 
980 |a Mạng thư viện Đại học Đà Nẵng